Рассказы о физиках и математиках

Библиографические подробности
Главный автор: Гиндикин С. Г. Семен Григорьевич
Примечания:В книге рассказано о жизни и творчестве двенадцати замечательных математиков и физиков (от ХVI до XX века), работы которых в значительной мере определили лицо современной математической науки.Увлекательно Изложенные биографии великих ученых заинтересуют самые широкие круги читателей, от старшеклассников до взрослых; интересующиеся математикой получат удовольствие и пользу от знакомства с научными достижениями героев книги.
Язык:русский
Опубликовано: Москва, Изд-во МЦНМО, 2006
Издание:4-е изд., испр.
Предметы:
Формат: Книга
Запись в KOHA:https://koha.lib.tpu.ru/cgi-bin/koha/opac-detail.pl?biblionumber=174829

MARC

LEADER 00000nam0a2200000 4500
001 174829
005 20231101223203.0
010 |a 5940572510 
035 |a (RuTPU)RU\TPU\book\189577 
035 |a RU\TPU\book\58509 
090 |a 174829 
100 |a 20100204d2006 m y0rusy50 ca 
101 0 |a rus 
102 |a RU 
105 |a a z 000zd 
200 1 |a Рассказы о физиках и математиках  |f С. Г. Гиндикин 
205 |a 4-е изд., испр. 
210 |a Москва  |c Изд-во МЦНМО  |d 2006 
215 |a 464 с.  |c ил. 
330 |a В книге рассказано о жизни и творчестве двенадцати замечательных математиков и физиков (от ХVI до XX века), работы которых в значительной мере определили лицо современной математической науки.Увлекательно Изложенные биографии великих ученых заинтересуют самые широкие круги читателей, от старшеклассников до взрослых; интересующиеся математикой получат удовольствие и пользу от знакомства с научными достижениями героев книги. 
600 1 |a Паскаль  |g Блез  |f 1623-1662  |b Б.  |c французский математик, физик, христианский философ и писатель  |2 stltpui  |3 (RuTPU)RU\TPU\pers\254 
600 1 |a Лейбниц  |g Готфрид Вильгельм  |f 1646-1716  |b Г. В.  |c немецкий философ, математик, физик, языковед  |2 stltpui  |3 (RuTPU)RU\TPU\pers\422 
600 1 |a Эйлер  |g Леонард  |f 1717-1783  |b Л.  |c российский учёный швейцарского происхождения  |c математик  |c физик  |c механик  |c астроном  |2 stltpush  |3 (RuTPU)RU\TPU\pers\525 
600 1 |a Пуанкаре  |b Ж. А.  |c французский математик  |f 1854 - 1912  |g Жюль Анри  |c физик  |c философ  |2 stltpush  |3 (RuTPU)RU\TPU\pers\8982 
600 1 |a Галилей  |b Г.  |c итальянский учёный  |c один из основателей точного естествознания  |f 1564-1642  |g Галилео  |2 stltpush  |3 (RuTPU)RU\TPU\pers\94  |9 56 
600 1 |a Лаплас  |g Пьер Симон  |b П. С.  |c французский астроном  |c математик  |c физик  |f 1749 - 1827  |2 stltpui  |3 (RuTPU)RU\TPU\pers\589 
600 1 |a Лагранж  |g Жозеф Луи  |b Ж. Л.  |c французский математик  |c механик  |f 1736 - 1813  |2 stltpui  |3 (RuTPU)RU\TPU\pers\932 
600 1 |a Клейн  |b Ф.  |c немецкий математик  |f 1849 - 1925  |g Феликс  |2 stltpush  |3 (RuTPU)RU\TPU\pers\8781  |9 1692 
600 1 |a Рамануджан  |c индийский математик  |f 1887 - 1920  |b Сриниваса (Шриниваса)  |g С. (Ш.)  |2 stltpush  |3 (RuTPU)RU\TPU\pers\8783 
600 1 |a Гюйгенс (Хёйгенс)  |b Х.  |c нидерландский учёный  |c физик, математик, механик  |f 1629-1695  |g Христиан  |2 stltpush  |3 (RuTPU)RU\TPU\pers\8061  |9 1570 
600 1 |a Пенроуз  |b Р.  |c английский математик  |g Роджер  |c физик  |f 1931 -  |2 stltpush  |3 (RuTPU)RU\TPU\pers\8784 
606 1 |a Математики  |x Персоналии  |2 stltpush  |3 (RuTPU)RU\TPU\subj\69235  |9 84202 
606 1 |a Физики  |x Персоналии  |2 stltpush  |3 (RuTPU)RU\TPU\subj\67452  |9 83245 
610 1 |a математика 
610 1 |a физика 
610 1 |a история 
610 1 |a 16 век 
610 1 |a 17 век 
610 1 |a 18 век 
610 1 |a 19 век 
610 1 |a 20 век 
610 1 |a ученые 
610 1 |a биографии 
610 1 |a персоналии 
675 |a 51(092)  |v 3 
675 |a 53(092)  |v 3 
700 1 |a Гиндикин  |b С. Г.  |g Семен Григорьевич 
801 1 |a RU  |b 63413507  |c 20030919  |g PSBO 
801 2 |a RU  |b 63413507  |c 20180112  |g PSBO 
942 |c BK